000 00502nam a22001697a 4500
003 NUST - PNEC
005 20170116181058.0
008 151002b xxu||||| |||| 00| 0 eng d
020 _a-
040 _cLIBRARY
082 _a923.5 DUR
100 _912208
_aDurrani, Mahmood Khan
245 _aThe sixth column: The heroic personal story of Mahmood Khan Durrani
_cMahmood Khan Durrani
260 _cc.1955
650 _912212
_aHeroic personal strory
_xHistory, Biography, Geography
942 _2ddc
_cBK
999 _c68657
_d68657